Normal view MARC view
  • Telephone systems

Entry Topical Term

Number of records used in: 3

001 - CONTROL NUMBER

  • control field: 95858

003 - CONTROL NUMBER IDENTIFIER

  • control field: NUST

005 - DATE AND TIME OF LATEST TRANSACTION

  • control field: 20220730084652.0

008 - FIXED-LENGTH DATA ELEMENTS

  • fixed length control field: 220730|| aca||aabn | a|a d

040 ## - CATALOGING SOURCE

  • Original cataloging agency: NUST
  • Transcribing agency: NUST

150 ## - HEADING--TOPICAL TERM

  • Topical term or geographic name entry element: Telephone systems

670 ## - SOURCE DATA FOUND

  • Source citation: Work cat.: (NUST)179492: Keshav, Srinivsan. 95857, An engineering approach to computer networking :, c1997.
© 2023 Central Library, National University of Sciences and Technology. All Rights Reserved.